[Event "HUN-chT2 Asztalos 1112"]
[Site "Hungary"]
[Date "2012.01.29"]
[Round "5.11"]
[White "Kovacs, Bence"]
[Black "Urmos, Laszlo"]
[Result "0-1"]
[WhiteElo "1642"]
[BlackElo "1805"]
[PlyCount "50"]
[EventDate "2011.09.25"]
[EventType "team-tourn"]
[EventRounds "11"]
[EventCountry "HUN"]
[SourceTitle "EXT 2013"]
[Source "ChessBase"]
[SourceDate "2012.11.22"]
[SourceVersion "1"]
[SourceVersionDate "2012.11.22"]
[SourceQuality "1"]
[WhiteTeam "Szentlorinc"]
[BlackTeam "Pecs Karmin"]
[WhiteTeamCountry "HUN"]
[BlackTeamCountry "HUN"]

1. e4 c5 2. Nf3 d6 3. Bc4 Nf6 4. Nc3 e6 5. d4 cxd4 6. Qxd4 a6 7. Bg5 Be7 8. e5 Nc6 9. Qe3 Ng4 10. Qe4 Ngxe5 11. Bxe7 Qxe7 12. Nxe5 Nxe5 13. 0-0-0 0-0 14. f4 Nxc4 15. Qxc4 b5 16. Qc6 Bb7 17. Qxd6 Qxd6 18. Rxd6 Bxg2 19. Rg1 Bh3 20. a4 Bf5 21. axb5 axb5 22. Kd2 b4 23. Ne2 Rfd8 24. Rxd8+ Rxd8+ 25. Ke3 Bxc2 0-1

[Event "HUN-chT2 Asztalos 1011"]
[Site "Hungary"]
[Date "2010.10.10"]
[Round "3.11"]
[White "Urmos, Laszlo"]
[Black "Turi, Istvan"]
[Result "1-0"]
[WhiteElo "1845"]
[BlackElo "1859"]
[PlyCount "73"]
[EventDate "2010.09.12"]
[EventType "team-tourn"]
[EventRounds "11"]
[EventCountry "HUN"]
[SourceTitle "EXT 2012"]
[Source "ChessBase"]
[SourceDate "2011.11.24"]
[SourceVersion "1"]
[SourceVersionDate "2011.11.24"]
[SourceQuality "1"]
[WhiteTeam "Pecs Karmin"]
[BlackTeam "Baja"]
[WhiteTeamCountry "HUN"]
[BlackTeamCountry "HUN"]

1. Nf3 Nf6 2. c4 c5 3. Nc3 e6 4. e4 d6 5. d4 cxd4 6. Nxd4 a6 7. Bd3 Be7 8. Be3 0-0 9. 0-0 b6 10. f4 Qc7 11. b3 Bb7 12. a4 Nbd7 13. Qc2 Nc5 14. Rac1 Ng4 15. Qe2 Nxe3 16. Qxe3 Bf6 17. Bc2 Nd7 18. Nf3 Rac8 19. Rfe1 Be7 20. Kh1 Rfd8 21. Ne2 Bf6 22. Neg1 e5 23. f5 Nb8 24. Bd3 Nc6 25. Ne2 Nb4 26. Bb1 Qc5 27. Qd2 Be7 28. Ng3 f6 29. Qe2 Qc6 30. Nd2 Qe8 31. Qg4 Qf7 32. h4 Kh8 33. Rc3 Rg8 34. h5 Rcd8 35. Nf3 Bc8 36. Nh4 Nc6 37. Ng6+ 1-0